000 00704nam a2200253 a 4500
001 BRCA_7986
005 20190320210101.0
008 130314s1971----enka###f##---#000-0#eng-#
020 _a0713516623
041 _aeng
044 _aenk
050 4 _aNK1125
_b.M348
_c1971
100 1 _aMatthews, Leslie G.
_919811
245 1 0 _aAntiques of the pharmacy
_cLeslie G. Matthews.
260 _aLondon
_bBell
_c1971
300 _axiv, 120 p.
_bil.
_c24 cm.
500 _a3018
500 _aEjemplar igual a 3028
650 1 4 _aAntigüedades
_vFarmacias
_919812
650 1 4 _aMuebles antiguos
_vFarmacias
_919813
650 1 4 _aFarmacias
_vLaboratorios e instrumental
_919814
902 _aGFM
942 _2lcc
_cB
999 _c7655
_d7655